Bailliere's midwife dictionary. (Запис № 471469)

МАРК-запис
000 -LEADER
fixed length control field 01242cam a2200277Ma 4500
001 - CONTROL NUMBER
control field baillieresmidwif00adam
003 - CONTROL NUMBER IDENTIFIER
control field CaSfIA
005 - DATE AND TIME OF LATEST TRANSACTION
control field 20210117190813.0
007 - PHYSICAL DESCRIPTION FIXED FIELD--GENERAL INFORMATION
fixed length control field cr||||
008 - FIXED-LENGTH DATA ELEMENTS--GENERAL INFORMATION
fixed length control field 880328s1985 xxk 000 0 eng d
040 ## - CATALOGING SOURCE
Original cataloging agency SZT
Transcribing agency SZT
Modifying agency OCLCG
-- CaSfIA
020 ## - INTERNATIONAL STANDARD BOOK NUMBER
International Standard Book Number 0702010766
020 ## - INTERNATIONAL STANDARD BOOK NUMBER
International Standard Book Number 9780702010767
035 ## - SYSTEM CONTROL NUMBER
System control number (OCoLC)85949653
100 1# - MAIN ENTRY--PERSONAL NAME
Personal name Adams, Margaret,
Dates associated with a name 1916-
245 10 - TITLE STATEMENT
Title Bailliere's midwife dictionary.
Medium [electronic resource]
250 ## - EDITION STATEMENT
Edition statement 7th ed.
260 ## - PUBLICATION, DISTRIBUTION, ETC. (IMPRINT)
Place of publication, distribution, etc Eastbourne :
Name of publisher, distributor, etc Bailliere Tindall and ELBS,
Date of publication, distribution, etc 1985.
300 ## - PHYSICAL DESCRIPTION
Extent P.
506 ## - RESTRICTIONS ON ACCESS NOTE
Standardized terminology for access restriction Необхідна авторизація на https://archive.org/ (створення облікового запису безкоштовно)
506 ## - RESTRICTIONS ON ACCESS NOTE
Standardized terminology for access restriction Необхідна авторизація на https://openlibrary.org/ (створення облікового запису безкоштовно)
856 41 - ELECTRONIC LOCATION AND ACCESS
Uniform Resource Identifier <a href="http://www.archive.org/details/baillieresmidwif00adam">http://www.archive.org/details/baillieresmidwif00adam</a>
Public note Free eBook from the Internet Archive
856 42 - ELECTRONIC LOCATION AND ACCESS
Uniform Resource Identifier <a href="http://www.openlibrary.org/books/OL24584262M">http://www.openlibrary.org/books/OL24584262M</a>
Public note Additional information and access via Open Library
942 ## - ADDED ENTRY ELEMENTS (KOHA)
Koha item type ЕКнига

Немає доступних примірників.